00393nam a2200145Ia 4500008004100000020001800041082000800059100001900067245005900086250000600145260004200151300001600193500002400209650001400233230524s9999 xx 000 0 und d a9781107476417 bAGA aShikha Agarwal 0aEngineering Chemistry : Fundamentals and Applications. a1 aNew DelhibCambridge Universityc2015 a"XV,1165p;" aQuantity Number: 1 aChemistry